[Event "Katowice rapid op"]
[Site "Katowice"]
[Date "2025.06.02"]
[Round "3"]
[White "Golawski, Hubert"]
[Black "Szawarnoga, Szymon"]
[Result "0-1"]
[WhiteElo "1894"]
[BlackElo "1660"]
[PlyCount "180"]
[EventDate "2025.05.31"]
[EventType "swiss"]
[EventRounds "11"]
[EventCountry "POL"]
[SourceTitle "CB24_2025"]
[SourceDate "2025.06.11"]
[SourceVersion "1"]
[SourceVersionDate "2025.06.11"]
[SourceQuality "1"]

1. e4 c6 2. Nf3 d5 3. exd5 cxd5 4. d4 Nc6 5. Bd3 Bg4 6. c3 e6 7. 0-0 Bd6 8. h3 Bh5 9. Be3 Nge7 10. Nbd2 Bg6 11. Qc2 0-0 12. Rfe1 Rc8 13. Bxg6 Nxg6 14. Qb3 Na5 15. Qa4 a6 16. Rac1 b5 17. Qd1 Nc4 18. Nxc4 bxc4 19. b3 Qa5 20. Qd2 Rc6 21. b4 Qa3 22. Rb1 a5 23. b5 Rb6 24. Qc2 Bf4 25. Bxf4 Nxf4 26. Ne5 Rb7 27. Kh2 Rfb8 28. g3 Nd3 29. Nxd3 cxd3 30. Qxd3 Qxa2 31. Re2 Qa4 32. Reb2 Rb6 33. Qe2 Qa3 34. Rb3 Qd6 35. Ra1 Ra8 36. Ra4 Qd7 37. Kg2 g6 38. h4 h5 39. Qd3 Qb7 40. Kh2 Kg7 41. Rb2 Qd7 42. Rb1 Qb7 43. c4 dxc4 44. Qxc4 Qf3 45. Rb2 Rbb8 46. b6 Rc8 47. Qb3 Qb7 48. Rb1 Rc6 49. Qf3 Ra6 50. d5 exd5 51. Qxd5 Raxb6 52. Rba1 Rf6 53. Qxb7 Rxb7 54. Kg2 Rb2 55. Rf1 Rf5 56. Kg1 Kf6 57. f4 Rc5 58. Rf2 Rb4 59. Rfa2 Rxa4 60. Rxa4 Ke6 61. Kf2 Kd6 62. Ke3 Kc6 63. Kd4 Rd5+ 64. Kc4 Rc5+ 65. Kd4 Rf5 66. Kc4 Kb6 67. Ra1 Rc5+ 68. Kd4 Rb5 69. Ra3 Rb4+ 70. Ke5 Rb5+ 71. Kd4 Rf5 72. Kc4 Rc5+ 73. Kd4 Rc6 74. Rb3+ Ka6 75. Kd5 Rc8 76. Rb2 a4 77. Ke5 Ka5 78. Kf6 Rc7 79. Ke5 a3 80. Rb3 Ka4 81. Rb8 a2 82. Ra8+ Kb3 83. Kd6 Rc4 84. Kd5 Ra4 85. Rb8+ Kc3 86. Rc8+ Kd3 87. Rc7 a1Q 88. Kd6 Qd4+ 89. Ke7 Ra7 90. Rxa7 Qxa7+ 0-1

[Event "Katowice rapid op"]
[Site "Katowice"]
[Date "2025.05.31"]
[Round "6"]
[White "Moczala, Maja"]
[Black "Szawarnoga, Szymon"]
[Result "1-0"]
[WhiteElo "1918"]
[BlackElo "1660"]
[PlyCount "189"]
[EventDate "2025.05.31"]
[EventType "swiss"]
[EventRounds "11"]
[EventCountry "POL"]
[SourceTitle "CB24_2025"]
[SourceDate "2025.06.11"]
[SourceVersion "1"]
[SourceVersionDate "2025.06.11"]
[SourceQuality "1"]

1. e4 c6 2. d4 d5 3. exd5 cxd5 4. Bd3 Nc6 5. c3 Nf6 6. Bf4 Bg4 7. Qb3 Qd7 8. Nd2 e6 9. Ngf3 Bd6 10. Bxd6 Qxd6 11. 0-0 0-0 12. Rfe1 b5 13. Bxb5 Rfb8 14. Qa4 Ne7 15. Rab1 Bf5 16. Rbc1 a6 17. Be2 Rxb2 18. Nb3 Bc2 19. Bd1 Bxd1 20. Rexd1 Ne4 21. Rf1 h6 22. Ne5 Rc8 23. Nd3 Re2 24. Nbc5 Nxc5 25. Nxc5 Qc6 26. Qb3 Nf5 27. Rfd1 Qb5 28. Qa3 Qc4 29. Ra1 Rb8 30. Nd7 Rd8 31. Ne5 Qc8 32. Rac1 f6 33. Nd3 Qc4 34. Qa5 Rb8 35. Nb4 Kh7 36. a4 h5 37. g3 Nh6 38. Qc5 Qxc5 39. dxc5 a5 40. Nd3 Nf5 41. c4 dxc4 42. Rxc4 Rc8 43. c6 Rc7 44. Rc5 Ra2 45. Rxa5 Rc2 46. Nb4 Rc4 47. Rb1 Ne7 48. Ra6 h4 49. Kg2 hxg3 50. hxg3 Kg6 51. a5 Kf7 52. Rb6 Nxc6 53. Nxc6 R4xc6 54. a6 Kg6 55. Rb7 Rc8 56. a7 Ra8 57. Ra1 Rcc8 58. Kf3 Kf5 59. Rxg7 Rc3+ 60. Kg2 Rcc8 61. Rb7 e5 62. Rb5 Ke6 63. Rb6+ Kf5 64. Raa6 Rf8 65. Kf3 Kg5 66. Ke3 Kf5 67. Kf3 Kg5 68. Ke4 Kg6 69. g4 Kg5 70. f3 Kg6 71. Kd5 Kg5 72. Kc6 Kf4 73. Ra3 f5 74. gxf5 Kxf5 75. Kb7 Kf4 76. Rc3 Rae8 77. Rc7 Kxf3 78. Rbc6 e4 79. Rc8 Rxc8 80. Rxc8 Rxc8 81. Kxc8 e3 82. a8Q+ Kf2 83. Qa7 Kf3 84. Qa3 Kf2 85. Qc5 Kf3 86. Qc3 Kf2 87. Qf6+ Kg2 88. Qg5+ Kf2 89. Qf4+ Ke2 90. Kd7 Kd3 91. Qd6+ Ke2 92. Kc6 Kf1 93. Qf4+ Ke2 94. Kd5 Kd2 95. Kd4 1-0

[Event "Katowice rapid op"]
[Site "Katowice"]
[Date "2025.05.31"]
[Round "7"]
[White "Szawarnoga, Szymon"]
[Black "Marszalek, Jakub2"]
[Result "1-0"]
[WhiteElo "1660"]
[BlackElo "1847"]
[PlyCount "63"]
[EventDate "2025.05.31"]
[EventType "swiss"]
[EventRounds "11"]
[EventCountry "POL"]
[SourceTitle "CB24_2025"]
[SourceDate "2025.06.11"]
[SourceVersion "1"]
[SourceVersionDate "2025.06.11"]
[SourceQuality "1"]

1. d4 Nf6 2. Nf3 e6 3. e3 c5 4. Bd3 d5 5. c3 Nc6 6. Nbd2 Bd6 7. 0-0 0-0 8. dxc5 Bxc5 9. e4 Bb6 10. Qe2 d4 11. cxd4 Nxd4 12. Nxd4 Bxd4 13. Nf3 Bb6 14. Bg5 Qe8 15. e5 Nd5 16. Qe4 g6 17. Qh4 Bd8 18. Qh6 f5 19. exf6 Bxf6 20. Rfe1 Bg7 21. Qh4 Qf7 22. Ne5 Bxe5 23. Rxe5 Bd7 24. Rae1 Rac8 25. h3 b6 26. Rxd5 exd5 27. Re7 Qxf2+ 28. Qxf2 Rxf2 29. Kxf2 Bc6 30. Bh6 a5 31. Be2 d4 32. Bc4+ 1-0

[Event "Katowice rapid op"]
[Site "Katowice"]
[Date "2025.05.31"]
[Round "4"]
[White "Szawarnoga, Szymon"]
[Black "Skrzyczek, Tomasz"]
[Result "1-0"]
[WhiteElo "1660"]
[BlackElo "1967"]
[PlyCount "51"]
[EventDate "2025.05.31"]
[EventType "swiss"]
[EventRounds "11"]
[EventCountry "POL"]
[SourceTitle "CB24_2025"]
[SourceDate "2025.06.11"]
[SourceVersion "1"]
[SourceVersionDate "2025.06.11"]
[SourceQuality "1"]

1. d4 Nf6 2. Nf3 g6 3. Nc3 d5 4. Bf4 c6 5. e3 Bg7 6. h4 h5 7. Qd2 b5 8. Bd3 Nbd7 9. Ne5 Nxe5 10. Bxe5 Kf8 11. 0-0-0 b4 12. Ne2 a5 13. Nf4 Ba6 14. Bxg6 fxg6 15. Ne6+ Kf7 16. Nxd8+ Rhxd8 17. f3 Bh6 18. Bf4 Bg7 19. g4 Rac8 20. gxh5 Nxh5 21. Rdg1 c5 22. Be5 b3 23. Qxa5 cxd4 24. Qxa6 Rxc2+ 25. Kb1 Bxe5 26. Qxg6+ 1-0

[Event "Ustron op-B"]
[Site "Ustron"]
[Date "2024.08.16"]
[Round "8"]
[White "Biela, Mikolaj"]
[Black "Szawarnoga, Szymon"]
[Result "0-1"]
[WhiteElo "1859"]
[BlackElo "1805"]
[PlyCount "70"]
[EventDate "2024.08.09"]
[EventType "swiss"]
[EventRounds "9"]
[EventCountry "POL"]
[SourceTitle "EXT 2025"]
[Source "ChessBase"]
[SourceDate "2024.10.14"]
[SourceVersion "1"]
[SourceVersionDate "2024.10.14"]
[SourceQuality "1"]

1. d4 d5 2. c4 c6 3. Nc3 Nf6 4. Nf3 e6 5. Bg5 Nbd7 6. cxd5 exd5 7. e3 Be7 8. Bd3 0-0 9. 0-0 Re8 10. a3 a5 11. Rb1 h6 12. Bxf6 Bxf6 13. b4 axb4 14. axb4 Nf8 15. Qc2 Bg4 16. Nd2 Be7 17. b5 Bd6 18. bxc6 bxc6 19. Na4 Rc8 20. Nb6 Rb8 21. Qxc6 Re6 22. Qb5 Rxb6 23. Qa4 Rxb1 24. Rxb1 Bh5 25. g3 Bg6 26. Bxg6 Nxg6 27. Rb5 Bf8 28. Qb3 Rd6 29. h4 Qc8 30. Nf3 Qf5 31. Kg2 Qe4 32. Rb8 Rf6 33. Qd1 Qg4 34. Rb1 Rxf3 35. Qxf3 Nxh4+ 0-1

[Event "Ustron op-B"]
[Site "Ustron"]
[Date "2024.08.15"]
[Round "7"]
[White "Szawarnoga, Szymon"]
[Black "Perucki, Maciej"]
[Result "1/2-1/2"]
[WhiteElo "1805"]
[BlackElo "1923"]
[PlyCount "118"]
[EventDate "2024.08.09"]
[EventType "swiss"]
[EventRounds "9"]
[EventCountry "POL"]
[SourceTitle "EXT 2025"]
[Source "ChessBase"]
[SourceDate "2024.10.14"]
[SourceVersion "1"]
[SourceVersionDate "2024.10.14"]
[SourceQuality "1"]

1. d4 d5 2. c4 e6 3. Nf3 Nf6 4. g3 Bb4+ 5. Bd2 Be7 6. Bg2 0-0 7. 0-0 c6 8. Qc2 b6 9. Bf4 Ba6 10. Nbd2 dxc4 11. Nxc4 Nd5 12. Bd2 Nd7 13. Nfe5 Nxe5 14. Nxe5 c5 15. Nc6 Qd7 16. Nxe7+ Qxe7 17. dxc5 Qxc5 18. Qxc5 bxc5 19. Rfc1 Rac8 20. e4 Nb6 21. b3 Nd7 22. Be3 Rc7 23. Rc3 Rfc8 24. Rac1 h6 25. b4 c4 26. a4 Kf8 27. Bf1 Nb6 28. b5 Nxa4 29. bxa6 Nxc3 30. Rxc3 Rc6 31. Bxa7 Rxa6 32. Bd4 Rd6 33. Be3 Rdc6 34. e5 Ke7 35. Bg2 R6c7 36. Bb6 Rd7 37. Bf1 Rd5 38. f4 Rb5 39. Be3 Rb4 40. Bc1 Ra4 41. Ba3+ Ke8 42. Kf2 f6 43. Bd6 Kf7 44. Ke3 f5 45. h4 g6 46. Kd4 Ra6 47. Bxc4 Rac6 48. Bc5 Rd8+ 49. Bd6 Rdc8 50. Rc2 h5 51. Kd3 Kg7 52. Bb3 Rxc2 53. Bxc2 Kf7 54. Ba3 Rc6 55. Bb3 Ra6 56. Bb2 Rc6 57. Bc4 Rc7 58. Bd4 Rc8 59. Kc3 Rb8 1/2-1/2